|
|
|
|
| LEADER |
01800nam a2200505 i 4500 |
| 001 |
nkc20213379117 |
| 003 |
CZ PrNK |
| 005 |
20230417115513.0 |
| 007 |
ta |
| 008 |
211213t20212021xr a e f 000 0 cze |
| 015 |
|
|
|a cnb003379117
|
| 020 |
|
|
|a 978-80-7370-586-2
|q (brožováno)
|
| 035 |
|
|
|a (OCoLC)1296108541
|
| 040 |
|
|
|a BOA001
|b cze
|e rda
|
| 041 |
1 |
|
|a cze
|h eng
|
| 072 |
|
7 |
|a 133
|x Ezoterismus. Okultismus
|2 Konspekt
|9 17
|
| 080 |
|
|
|a 133.3:794.43
|2 MRF
|
| 080 |
|
|
|a (0.026.6)794.43
|2 MRF
|
| 080 |
|
|
|a (035)
|2 MRF
|
| 100 |
1 |
|
|a Fairchild, Alana
|7 mzk20221136608
|4 aut
|
| 240 |
1 |
0 |
|a Sacred rebels oracle.
|l Česky
|
| 245 |
1 |
0 |
|a Posvátné rebelky /
|c Alana Fairchild ; z anglického originálu Sacred rebels oracle přeložila Eva Samih
|
| 250 |
|
|
|a Vydání první
|
| 264 |
|
1 |
|a Praha :
|b Synergie,
|c [2021]
|
| 264 |
|
4 |
|c ©2021
|
| 300 |
|
|
|a 191 stran :
|b ilustrace ;
|c 15 cm +
|e 45 barevných vykládacích karet (11 x 7 cm)
|
| 336 |
|
|
|a text
|b txt
|2 rdacontent
|
| 336 |
|
|
|a statický obraz
|b sti
|2 rdacontent
|
| 337 |
|
|
|a bez média
|b n
|2 rdamedia
|
| 338 |
|
|
|a svazek
|b nc
|2 rdacarrier
|
| 338 |
|
|
|a karta
|b no
|2 rdacarrier
|
| 500 |
|
|
|a Brožura a karty uloženy v kartonové krabici (16 x 11 x 4 cm)
|
| 650 |
0 |
7 |
|a vykládání karet
|7 ph138942
|2 czenas
|
| 650 |
0 |
9 |
|a fortune telling by cards
|2 eczenas
|
| 655 |
|
7 |
|a vykládací karty
|7 fd133822
|2 czenas
|
| 655 |
|
7 |
|a příručky
|7 fd133209
|2 czenas
|
| 655 |
|
9 |
|a fortune telling cards
|2 eczenas
|
| 655 |
|
9 |
|a handbooks and manuals
|2 eczenas
|
| 700 |
1 |
|
|a Samih, Eva,
|d 1975-
|7 xx0215968
|4 trl
|
| 910 |
2 |
|
|a BOA001
|b Z-1479.133
|
| 928 |
9 |
|
|a Synergie Publishing SE
|
| 990 |
|
|
|a BK
|
| 995 |
|
|
|a 01
|
| 991 |
|
|
|b 202201
|c NOV
|
| 996 |
6 |
|
|b 2610890020
|c Z-1479.133
|l MZK
|r Sklad / do 24 hodin
|n 0
|p p.v.
|w 001873068
|u 000010
|a 1
|e BOA001
|j MZK50
|s P
|